Комментарии и инструкции по производству маркшейдерских работ: учебное пособие для вузов

Dettagli Bibliografici
Autore principale: Попов В. Н. Владислав Николаевич
Altri autori: Сученко В. Н. Владимир Николаевич, Бойко С. В. Сергей Владимирович
Riassunto:Основу данной книги составляет инструкция по производству маркшейдерских работ (РД 07-603-03) и комментарии к отдельным ее статьям. В комментариях к Инструкции анализируются основные положения отдельных глав и раскрывается содержание некоторых статей, используемых различными организациями (учреждениями) при производстве маркшейдерских работ. Включены в виде приложений нормативные документы, регламентирующие маркшейдерскую деятельность. Для студентов вузов, обучающихся по основной образовательной программе подготовки магистров 550609 «Маркшейдерия» направления подготовки «Горное дело», а также для научных и практических работников в области горного дела.
Lingua:russo
Pubblicazione: Москва, Горная книга, 2011
Serie:Горное образование
Soggetti:
Natura: MixedMaterials Libro
KOHA link:https://koha.lib.tpu.ru/cgi-bin/koha/opac-detail.pl?biblionumber=212384

MARC

LEADER 00000nam0a2200000 4500
001 212384
005 20231101225744.0
010 |a 9785986722481 
035 |a (RuTPU)RU\TPU\book\232032 
035 |a RU\TPU\book\132927 
090 |a 212384 
100 |a 20071009d2011 m y0rusy50 ca 
101 0 |a rus 
102 |a RU 
105 |a y jz 000zy 
200 1 |a Комментарии и инструкции по производству маркшейдерских работ  |e учебное пособие для вузов  |f В. Н. Попов, В. Н. Сученко, С. В. Бойко 
210 |a Москва  |c Горная книга  |d 2011 
215 |a 271 с. 
225 1 |a Горное образование 
330 |a Основу данной книги составляет инструкция по производству маркшейдерских работ (РД 07-603-03) и комментарии к отдельным ее статьям. В комментариях к Инструкции анализируются основные положения отдельных глав и раскрывается содержание некоторых статей, используемых различными организациями (учреждениями) при производстве маркшейдерских работ. Включены в виде приложений нормативные документы, регламентирующие маркшейдерскую деятельность. Для студентов вузов, обучающихся по основной образовательной программе подготовки магистров 550609 «Маркшейдерия» направления подготовки «Горное дело», а также для научных и практических работников в области горного дела. 
606 1 |a Маркшейдерские работы  |x Документация  |x Графический метод  |2 stltpush  |3 (RuTPU)RU\TPU\subj\41064  |9 60883 
610 1 |a горное дело 
610 1 |a маркшейдерские работы 
610 1 |a земная поверхность 
610 1 |a месторождения 
610 1 |a разработка 
610 1 |a открытый способ 
610 1 |a россыпные месторождения 
610 1 |a открытая разработка 
610 1 |a подземная разработка 
610 1 |a нефтяные месторождения 
610 1 |a газовые месторождения 
610 1 |a горное строительство 
610 1 |a инструкции 
610 1 |a РД 07-603-03 
610 1 |a комментарии 
610 1 |a учебные пособия 
675 |a 622.1:528.4(075.8)  |v 3 
700 1 |a Попов  |b В. Н.  |g Владислав Николаевич 
701 1 |a Сученко  |b В. Н.  |g Владимир Николаевич 
701 1 |a Бойко  |b С. В.  |g Сергей Владимирович 
801 1 |a RU  |b 63413507  |c 20120326 
801 2 |a RU  |b 63413507  |c 20150619  |g RCR 
900 |a Маркшейдерия 
942 |c BK 
951 |b 130101 
959 |a 31/20120217  |d 2  |e 450,00  |f ЧЗТЛ:1  |f АНЛ:1